| 000 | 01387nam a2200337Ia 4500 | ||
|---|---|---|---|
| 001 | ebr10666468 | ||
| 003 | CaPaEBR | ||
| 006 | m u | ||
| 007 | cr cn||||||||| | ||
| 008 | 130204s2012 gw s 000 0 eng d | ||
| 010 | _z 2012289366 | ||
| 020 | _z3631628250 | ||
| 020 | _z9783631628256 | ||
| 020 | _z9783653024074 | ||
| 040 |
_aCaPaEBR _cCaPaEBR |
||
| 035 | _a(OCoLC)829460825 | ||
| 050 | 1 | 4 |
_aPR503 _b.P64 2012eb |
| 245 | 0 | 0 |
_aPoetry and its language _h[electronic resource] : _bpapers in honour of Teresa Bela / _cedited by Marta Gibindska and Wlasdyslaw Witalisz. |
| 260 |
_aFrankfurt am Main ; _aNew York : _bPeter Lang, _c2012. |
||
| 300 | _a276 p. | ||
| 490 | 1 |
_aText-- meaning-- context : Cracow studies in English language, literature and culture, _x2191-1894 ; _vv. 5 |
|
| 533 |
_aElectronic reproduction. _bPalo Alto, Calif. : _cebrary, _d2013. _nAvailable via World Wide Web. _nAccess may be limited to ebrary affiliated libraries. |
||
| 650 | 0 |
_aEnglish poetry _xHistory and criticism. |
|
| 650 | 0 |
_aPoetry _xTranslating. |
|
| 655 | 7 |
_aElectronic books. _2local |
|
| 700 | 1 | _aGibindska, Marta. | |
| 700 | 1 | _aWitalisz, Wladyslaw. | |
| 710 | 2 | _aebrary, Inc. | |
| 830 | 0 |
_aText, meaning, context ; _vv. 5. _x2191-1894. |
|
| 856 | 4 | 0 |
_uhttp://site.ebrary.com/lib/rucke/Doc?id=10666468 _zAn electronic book accessible through the World Wide Web; click to view |
| 999 |
_c61287 _d61287 |
||